000
00265nam a2200109Ia 4500
008
230320s9999||||xx |||||||||||||| ||spa||
082
_a
193/W78T
100
_a
Wittgenstein, Ludwig
245
0
_a
Tractatus Lógico-Philosophicus
260
_b
Alianza
942
_8
0
_c
LIB
999
_c
38849
_d
38849